| 000 | 00501nam 22001933 4500 | ||
|---|---|---|---|
| 001 | 32528 | ||
| 005 | 20260415081142.0 | ||
| 010 | _a2203003030 | ||
| 090 | _a32528 | ||
| 100 | _a20260415d e||y0itay50 ba | ||
| 101 | _afre | ||
| 102 | _aFR | ||
| 200 |
_aAu pays des Soviets _eles aventures de Tintin, reporter du petit Vingtieme _fHergé |
||
| 210 |
_a[Paris] _cCasterman _d©2006 |
||
| 215 |
_a141 p. _cfumetti _d23 cm |
||
| 300 | _aFascia d'età: 14-20 | ||
| 610 | _aFumetti | ||
| 700 |
_aHergé _969 |
||
| 942 | _cBK | ||